000 00883nas a2200313 4500
001 BR0101228
003 BR-BrBNA
005 20231205102118.0
007 ta
008 230509b bl.|||p| |||| 00| 00por d
040 _aBR-BrBNA
_bpor
_cBiblioteca Nacional de Agricultura
041 _a(Pt)
072 _aL53
100 1 _aMiranda, R.M. de
100 1 _aMcManus, C.
245 1 _aDesempenho de ovinos Bergamacia na regiao de Brasilia
650 _aOvino
650 _aReproducao Animal
650 _aFertilidade Animal
650 _aParto
650 _aMortalidade Animal
650 _aCrescimento
650 _aLa
650 _aTosquia
650 _aDistrito Federal
773 0 _tRevista Brasileira de Zootecnia (Brazil)
_xISSN 1516-3598
_g(Nov-Dec 2000), v. 29(6) p. 1661-1666
_wBR0101228
909 _a202311
_bLúcia
_c55
_dLúcia Elande
942 _2AGRIS
_n0
_cANA
999 _c165804
_d165804